00649nam a2200181 a 450000100100000000500170001000800410002704000250006808200150009310000220010824500580013026000450018830000280023350000450026165000340030695201120034099900150045200000519120200929151613.0090812s1985 pr a 000 0 spa d aDO-SdBNPbspacBNPHU a946bC697i1 aColl, Edna91485210aIntroducción a la cultura hispánica /cEdna Coll. aSan Juan, Puerto Rico :b[s.n .],c1985. a180 p. :bil. ;c23 cm. aRecordando al maestro Federico de Onís 4aCivilaciónxHistoria914853 001050718MOaGRbGRcCTd2009-08-12iLF1l0o946 C697ip5191-10r2020-06-25w2020-06-25y1ZNo se presta c4993d4993